Znalostná ekonomika - nové výzvy pre národohospodársku vedu medzinárodná vedecká konferencia Národohospodárskej fakulty Ekonomickej univerzity v Bratislave
Enregistré dans:
| Collectivités auteurs: | , |
|---|---|
| Autres auteurs: | , , |
| Format: | Livre |
| Langue: | slovaque anglais tchèque |
| Publié: |
Bratislava
Vydavateľstvo EKONÓM
2006
|
| Sujets: | |
| Tags: |
Pas de tags, Soyez le premier à ajouter un tag!
|
MARC
| LEADER | 00000nam$a2200000$$$4500 | ||
|---|---|---|---|
| 001 | 0049114 | ||
| 005 | 20240502071550.9 | ||
| 020 | |a 80-225-2239-2 | ||
| 041 | 0 | |a slo | |
| 041 | 0 | |a eng | |
| 041 | 0 | |a cze | |
| 044 | |a SK | ||
| 245 | 1 | 0 | |a Znalostná ekonomika - nové výzvy pre národohospodársku vedu |b medzinárodná vedecká konferencia Národohospodárskej fakulty Ekonomickej univerzity v Bratislave |c zostavili: Ivan Šóš, Martin Novák, Kristína Bognárová |
| 264 | 1 | |a Bratislava |b Vydavateľstvo EKONÓM |c 2006 | |
| 300 | |a 182 s. | ||
| 610 | 2 | 0 | |a ekonomika vedomostná |
| 610 | 2 | 0 | |a veda ekonomická |
| 610 | 2 | 0 | |a hospodárstvo národné |
| 610 | 2 | 0 | |a makroekonomika |
| 610 | 2 | 0 | |a politika hospodárska |
| 610 | 2 | 0 | |a trh finančný |
| 610 | 2 | 0 | |a bankovníctvo |
| 610 | 2 | 0 | |a mena |
| 610 | 2 | 0 | |a politika sociálna |
| 610 | 2 | 0 | |a politika regionálna |
| 610 | 2 | 0 | |a poisťovníctvo |
| 610 | 2 | 0 | |a vzdelávanie ďalšie |
| 610 | 2 | 0 | |a Európska únia |
| 610 | 2 | 0 | |a Slovensko |
| 700 | 1 | |a Šóš, Ivan, 1977- | |
| 700 | 1 | |a Novák, Martin, 1980- | |
| 700 | 1 | |a Bognárová, Kristína, 1979- | |
| 110 | 2 | |a Znalostná ekonomika - nové výzvy pre národohospodársku vedu. Medzinárodná vedecká konferencia | |
| 710 | 2 | |a Ekonomická univerzita v Bratislave. Národohospodárska fakulta | |